000 00476nam a2200193Ia 4500
005 20240823050548.0
008 240823s9999||||xx |||||||||||||| ||und||
020 _a978-0230-63014-7
041 _aENGLISH
082 _A658.8 Q1
100 _aAgarwal D k
245 0 _aDistribution and Logistics Management
250 _a1st
260 _c2011
_b"Macmillam ,Ne"
500 _aYES
650 _aLogistics Managemnt
_bManagement Studies
942 _cBK
999 _c217537
_d217537